<?xml version="1.0" encoding="UTF-8"?>
<record
    xmlns:xsi="http://www.w3.org/2001/XMLSchema-instance"
    xsi:schemaLocation="http://www.loc.gov/MARC21/slim http://www.loc.gov/standards/marcxml/schema/MARC21slim.xsd"
    xmlns="http://www.loc.gov/MARC21/slim">

  <leader>00412nam a22001457a 4500</leader>
  <datafield tag="082" ind1=" " ind2=" ">
    <subfield code="a">547.73 SUL</subfield>
  </datafield>
  <datafield tag="100" ind1=" " ind2=" ">
    <subfield code="a">Sultanabawa,M.U.S</subfield>
  </datafield>
  <datafield tag="245" ind1=" " ind2=" ">
    <subfield code="a">Introductio to  chemistry of  natural products -Level 5</subfield>
  </datafield>
  <datafield tag="260" ind1=" " ind2=" ">
    <subfield code="a">Colombo</subfield>
    <subfield code="b">Open university</subfield>
    <subfield code="c">1988</subfield>
  </datafield>
  <datafield tag="300" ind1=" " ind2=" ">
    <subfield code="a">86p</subfield>
  </datafield>
  <datafield tag="490" ind1=" " ind2=" ">
    <subfield code="a">Organic chemistry-PSU 3120</subfield>
  </datafield>
  <datafield tag="505" ind1=" " ind2=" ">
    <subfield code="a">Bachelor Science :level 5</subfield>
  </datafield>
  <datafield tag="650" ind1=" " ind2=" ">
    <subfield code="a">Organic Chemistry,natural products</subfield>
    <subfield code="a">OUSL</subfield>
  </datafield>
  <datafield tag="942" ind1=" " ind2=" ">
    <subfield code="c">BK</subfield>
  </datafield>
  <datafield tag="999" ind1=" " ind2=" ">
    <subfield code="c">573</subfield>
    <subfield code="d">573</subfield>
  </datafield>
  <datafield tag="952" ind1=" " ind2=" ">
    <subfield code="0">0</subfield>
    <subfield code="1">0</subfield>
    <subfield code="7">0</subfield>
    <subfield code="8">NFIC</subfield>
    <subfield code="a">IC</subfield>
    <subfield code="b">IC</subfield>
    <subfield code="c">GEN</subfield>
    <subfield code="d">2015-05-16</subfield>
    <subfield code="g">390.00</subfield>
    <subfield code="l">12</subfield>
    <subfield code="m">1</subfield>
    <subfield code="o">547.73 SUL</subfield>
    <subfield code="p">001452</subfield>
    <subfield code="r">2023-03-12 00:00:00</subfield>
    <subfield code="s">2023-02-26</subfield>
    <subfield code="w">2015-05-16</subfield>
    <subfield code="y">BK</subfield>
  </datafield>
  <datafield tag="952" ind1=" " ind2=" ">
    <subfield code="0">0</subfield>
    <subfield code="1">0</subfield>
    <subfield code="7">0</subfield>
    <subfield code="8">NFIC</subfield>
    <subfield code="a">IC</subfield>
    <subfield code="b">IC</subfield>
    <subfield code="c">GEN</subfield>
    <subfield code="d">2016-07-06</subfield>
    <subfield code="g">390.00</subfield>
    <subfield code="l">11</subfield>
    <subfield code="m">1</subfield>
    <subfield code="o">547.73 SUL</subfield>
    <subfield code="p">000830</subfield>
    <subfield code="r">2023-07-01 00:00:00</subfield>
    <subfield code="s">2023-06-10</subfield>
    <subfield code="w">2016-07-06</subfield>
    <subfield code="y">BK</subfield>
  </datafield>
</record>
